政令指定都市以外の区 - Statistics

General Stats
  • This quiz has been taken 28 times
  • The average score is 9 of 31
Answer Stats
都道府県 市町村 % Correct
兵庫県 姫路市 飾磨しかま
67%
北海道 せたな町 瀬棚せたな
56%
兵庫県 姫路市 網干あぼし
56%
福島県 南相馬市 原町はらまち
50%
新潟県 上越市 頸城くびき
50%
兵庫県 姫路市 広畑ひろはた
50%
福島県 南相馬市 小高おだか
44%
兵庫県 香美町 香住かすみ
44%
福島県 南相馬市 鹿島かしま
39%
新潟県 上越市 名立なだち
39%
北海道 せたな町 北檜山きたひやま
33%
北海道 伊達市 大滝おおたき
28%
新潟県 上越市 浦川原うらがわら
28%
新潟県 上越市 大潟おおがた
28%
新潟県 上越市 柿崎かきざき
28%
新潟県 上越市 まき
28%
兵庫県 姫路市 大津おおつ
28%
兵庫県 多可町 加美かみ
28%
兵庫県 香美町 村岡むらおか
28%
北海道 せたな町 大成たいせい
22%
新潟県 上越市 安塚やすづか
22%
兵庫県 多可町 なか
22%
新潟県 上越市 中郷なかごう
17%
新潟県 上越市 吉川よしかわ
17%
新潟県 上越市 板倉いたくら
11%
新潟県 上越市 三和さんわ
11%
兵庫県 姫路市 勝原かつはら
11%
兵庫県 姫路市 余部よべ
11%
新潟県 上越市 清里きよさと
6%
兵庫県 多可町 八千代やちよ
6%
兵庫県 香美町 小代おじろ
6%
No matching quizzes found
Score Distribution
Percent of People with Each Score
Percentile by Number Answered
Your Score History
You have not taken this quiz